000 02361nam a2200265 i 4500
003 DO-SdBNP
005 20240708105915.0
007 ta
008 240708s1985 sp 000 j spa d
020 _a8472233480
040 _aDO-SdBNP
_bspa
_cBNPHU
_erda
082 _bA719
_222
100 _aArjona, Rafael
_911765
_eautor
245 1 3 _aEl matarife /
_cRafael Arjona
264 1 _aBarcelona, España :
_bTusQuets editores,
_c1985.
300 _a157 páginas,
_c20 cm.
336 _2rdacontent
_atexto
_btxt
337 _2rdamedia
_asin mediación
_bn
338 _2rdacarrier
_avolumen
_bnc
490 1 _aLa sonrisa vertical
_aErótica
_v45
520 _aEl matarife es quizás una de las novelas más profunda y genuinamente hispanas que se hayan publicado en esta colección, aunque probablemente sus referencias literarias inmediatas remitan a autores tan universales como Georges Bataille o Witold Gombrowicz, por ejemplo. Arranca, de hecho, de fantasías muy arraigadas en el alma de una España remota, casi mítica, estigmatizada por una especial vivencia del sexo, de la sangre y de la muerte. «Cuando maté mi primera ternera, no tenía más que diecinueve años. Lo hice porque, desde mi nacimiento, estaba destinado a ser matarife, como entonces lo era mi padre y como antes lo habían sido mi abuelo y mi bisabuelo.» Hijo enclenque de un padre «inmenso», terrible, tuvo que someterse al ritual sangriento del relevo—la alternativa, dirían los taurómacos—en el oficio familiar. Pero, contrariamente al padre, el hijo no tarda en convertir el acto brutal y mecánico de dar muerte en una grandiosa ceremonia orgásmica, en la que sangre y gozo se funden en un éxtasis sin límites. A partir de este estallido iniciático, el lector se sentirá, él también, capaz de cualquier exceso, hasta el de desear y amar a cada una de las dulces terneras que, poco después, junto al protagonista, rematará violentamente en pleno paroxismo de los sentidos. No obstante, una mañana, viene a ensombrecer este Paraíso el primer indicio de compasión, de culpa. Y, cuando por fin parece haber vencido esta insostenible debilidad, vuelve, irrefrenable, a sus delirantes orgías hasta que, en una tarde lluviosa, encuentra a una extraña joven que le cautiva. . .
590 _aInventariado, 2024/ YL
910 _aYLockward
942 _2ddc
_cLBS1
999 _c57197
_d57197